header

Theatre under Louis XIV (Record no. 138517)

MARC details
000 -LEADER
fixed length control field 01900nam a22004574a 4500
082 04 - DEWEY DECIMAL CLASSIFICATION NUMBER
Classification number 791.0944/09032
100 1# - MAIN ENTRY--AUTHOR NAME
Personal name Prest, Julia.
245 10 - TITLE STATEMENT
Title Theatre under Louis XIV
250 ## - EDITION STATEMENT
Edition statement 1st ed.
260 ## - PUBLICATION, DISTRIBUTION, ETC. (IMPRINT)
Place of publication New York :
Name of publisher Palgrave Macmillan,
Year of publication 2006.
300 ## - PHYSICAL DESCRIPTION
Number of Pages 195 p. :
Other physical details ill.
650 #0 - SUBJECT ADDED ENTRY--TOPICAL TERM
Topical Term Performing arts
Topical Term Performing arts
Topical Term Female impersonators
Topical Term Female impersonators
Topical Term Male impersonators
Topical Term Male impersonators
Topical Term French drama
Topical Term French drama
856 40 - ELECTRONIC LOCATION AND ACCESS
Uniform Resource Identifier http://site.ebrary.com/lib/rucke/Doc?id=10171508

No items available.

© 2026 Rongo University
Contact us: librarian | system librarian | Rongo university